00245nam a22000977a 4500008004100000020001800041100001700059245004100076260002200117300000800139240501b |||||||| |||| 00| 0 eng d a81-7040-205-0 aR. G. Saxena aPrinciples and Practices of Auditing aBombaybHPHc1990 a503